00684nam a2200241 a 4500001001300000003000900013005001700022008004100039020002300080082001300103100002100116245001400137260003500151300000900186500003500195505001700230650001400247700002100261902000800282942000700290952012800297999001700425nice12345678IN_TiNIC20260116014951.0050524s2001 cama grp 000 0 eng  a0745615 c71500a301bGID aGiddrns, Anthony aSociology aCambridgebPolity Press c2001 a750p aincludes index and biblioraphy2 aNotes, Index aSociology1 aGiddrns, Anthony bSRS cBK 001040708StackRoom-aHMIbHMId2010-08-04g715.00l2o301 GIDp11001604r2023-07-18s2023-07-12v715.00w2005-05-24yBK c17755d17755